| 000 | 00886 a2200253 4500 | ||
|---|---|---|---|
| 003 | CBULib | ||
| 005 | 20240119091133.0 | ||
| 008 | 240116b |||||||| |||| 00| 0 eng d | ||
| 040 |
_cCBULib _bEnglish _erda |
||
| 041 | _aeng | ||
| 050 | _aCBU-PG THESIS/CHI | ||
| 100 |
_aChilukwa, Vincent _91645 |
||
| 245 |
_aA Study on the barriers and implementation of PRPs and HACCP food safety system at Big Tree Beverages limited plants _c/ by Vincent Chilukwa |
||
| 260 |
_bCopperbelt University, _c2022 _aKitwe : |
||
| 300 | _axiii, 76 pages : illustrations | ||
| 336 |
_2rdacontent _aText | _btxt |
||
| 337 |
_2rdamedia _aUnmediated | _bn |
||
| 338 |
_2rdacarrier _aVolume _bnc |
||
| 500 | _aIncludes bibliographical references and appendices | ||
| 650 | 0 |
_91826 _aFOOD SAFETY SYSTEM |
|
| 650 | 0 |
_91827 _aPRPs AND HACCP FOOD SAFETY SYSTEM |
|
| 650 | 0 |
_aBEVERAGES _91829 |
|
| 942 |
_2lcc _c030 |
||
| 999 |
_c84055 _d84055 |
||